| 000 | 01186 a2200289 4500 | ||
|---|---|---|---|
| 999 |
_c2742 _d2742 |
||
| 020 | _a0495915289 | ||
| 020 | _a9780495915287 | ||
| 020 | _a9781111341541 (pbk.) | ||
| 020 | _a1111341540 (pbk.) | ||
| 050 | 0 | 0 | _aJF51 MAG 2011 |
| 100 | 1 |
_aMagstadt, Thomas M. _eauthor |
|
| 245 | 0 | 0 |
_aNations and government : _bcomparative politics in regional perspective / _cThomas M. Magstadt. |
| 250 | _aSixth edition. | ||
| 264 |
_aBelmont : _bWadsworth Cengage Learning, _c2011 |
||
| 300 |
_axxvii, 627 pages : _billustrations, maps ; |
||
| 500 | _aNations and governments | ||
| 504 | _aIncludes bibliographical references and index. | ||
| 650 | 0 | _aComparative government. | |
| 650 | 0 | _aPolitical science | |
| 650 | 0 | _aDemocracy | |
| 856 | 4 | 2 |
_3Contributor biographical information _uhttp://www.loc.gov/catdir/enhancements/fy1303/2010926146-b.html |
| 856 | 4 | 2 |
_3Publisher description _uhttp://www.loc.gov/catdir/enhancements/fy1303/2010926146-d.html |
| 856 | 4 | 1 |
_3Table of contents only _uhttp://www.loc.gov/catdir/enhancements/fy1303/2010926146-t.html |
| 942 |
_2lcc _cBK _e6th edition _h51 _iMAG _kJF |
||